000 00623 a2200193 4500
010 _aENG-85508
020 _c195.00
_a8190340360
035 _aEN-69041
037 _bD.B.Act / Pub
082 1 4 _a881.08
090 _c2838
_d2838
100 1 _aWasserman, Earl R.
245 1 _aThe finer tone
_cby Earl R. Wasserman
_bKeat's major poems
260 _aNew Delhi
_bABS Publishers and Distributors
_c2006
270 _aE-9, Jangpura Extn.
_bNew Delhi
_e110 014
300 _a228 p.
_c21 cm (Pbk.)
942 _adp
_cEN
_k881.08 / WAS
999 _c2784
_d2784